Θαυμαστός καινούργιος κόσμος

Saved in:
Bibliographic Details
Main Author: Huxley, Aldous 1894-1963
Other Authors: Τομανάς, Βασίλης (Translator)
Format: Book
Language:Greek
English
Published: Σκόπελος : Νησίδες, [200-;].
Subjects:
Tags: Add Tag
No Tags, Be the first to tag this record!

MARC

LEADER 00000cam a2200000 i 4500
001 1/71050
008 050222q200u gr | ||| |||| ||gre||
020 |a 9608263123 
035 |l 10076412 
040 |a GR-MyUA  |b gre  |e AACR2 
041 1 |a gre  |h eng 
082 0 |a 823.912  |2 (21) 
100 1 |a Huxley, Aldous  |d 1894-1963. 
245 1 0 |a Θαυμαστός καινούργιος κόσμος /   |c Άλντους Χάξλευ ; μετάφραση Βασίλης Τομανάς.  
260 |a Σκόπελος :   |b Νησίδες,   |c [200-;].  
300 |a 220 σ. ;   |c 20 εκ.  
500 |a Τίτλος πρωτοτύπου: Brave new world.  
600 1 0 |a Huxley Aldous  |d 1894-1963. 
650 0 0 |a Dystopias in literature. 
650 0 0 |a English literature  |x History and criticism. 
700 1 |a Τομανάς, Βασίλης,  |e trl 
852 |a INST  |b SAMOS  |e 20050222  |h 823.912 HUX  |p 005300025426  |q 005300025426  |t BK  |y 0 
901 |a BIBL3-2005-1 
909 |a Σ  |b 114278 
922 |a 3ΕΛΗ  |b 200502  |c ΚΥΒ/ΒΙΒΛΙΟΘΗΚΗ  |d ΠΑΠΑΓΕΩΡΓΙΟΥ 
950 |a 127-2004-11-04 
970 |a ΜΑΛΑΓΑΡΗ  |b ΦΩΤΕΙΝΗ  |z 2005/03/01